Industrial Disaster Management and Emergency Response (Record no. 714)

MARC details
000 -LEADER
Fixed length control field 00493nam a2200169 4500
003 - CONTROL NUMBER IDENTIFIER
Control field SEACOMMC
005 - DATE AND TIME OF LATEST TRANSACTION
Control field 20250424125117.0
008 - FIXED-LENGTH DATA ELEMENTS--GENERAL INFORMATION
Fixed length control field 241030b |||||||| |||| 00| 0 eng d
020 ## - INTERNATIONAL STANDARD BOOK NUMBER / ISBN
International Standard Book Number 81-84120-18-4
Price Rs.275.00
040 ## - CATALOGING SOURCE
Original cataloging agency SEACOMMC
082 ## - DEWEY DECIMAL CLASSIFICATION NUMBER
Classification number 658.477
Book Number C 435
100 ## - MAIN ENTRY--PERSONAL NAME
Personal name Chakrabarty, U. K
245 1# - TITLE STATEMENT
Title Industrial Disaster Management and Emergency Response
Statement of responsibility U. K. Chakrabarty
260 ## - IMPRINT
Place of publication New Delhi
Name of publisher Asian Books
Date of publication ©2007.
650 ## - SUBJECT ADDED ENTRY--TOPICAL TERM
Topical term Disasters -- Management
942 ## - ADDED ENTRY ELEMENTS (KOHA)
Koha item type Books
Holdings
Withdrawn status Lost status Source of classification Damaged status Not for loan Home library Current library Shelving location Date acquired Total Checkouts Call number Accession number Date last seen Price effective from Koha item type Copy number
    Dewey Decimal Classification     SEACOM MANAGEMENT COLLEGE SEACOM MANAGEMENT COLLEGE Reference 06/11/2007   658.477 C 435 M-730 30/10/2024 30/10/2024 Books  
    Dewey Decimal Classification     SEACOM MANAGEMENT COLLEGE SEACOM MANAGEMENT COLLEGE   06/11/2007   658.477 C 435 M-731 30/10/2024 30/10/2024 Books 1
    Dewey Decimal Classification     SEACOM MANAGEMENT COLLEGE SEACOM MANAGEMENT COLLEGE   06/11/2007   658.477 C 435 M-732 30/10/2024 30/10/2024 Books 2
© Seacom Engineering College, All rights reserved.    Powered by Koha